Prueba de Burgos - Estadísticas

Estadísticas generales
  • Esta prueba ha sido intentada 68 veces
  • La puntuación promedio es 9 de 16
Estadísticas de respuestas
Pregunta Respuesta % Correcto
Embutido típico de la provincia, cuenta con Indicación Geográfica Propia concedida por la Unión Europea Morcilla de Burgos
98%
Apodo con el que se conocía al líder militar Rodrigo Díaz de Vivar Cid
96%
Yacimiento paleontológico en el que se encuentran restos humanos de un millón de años de antiguedad. Atapuerca
94%
Segundo municipio más poblado de la provincia Miranda de Ebro
94%
Producto lácteo blando, de origen ovino o bovino Queso de Burgos
94%
Esta ruta con origen francés y destino en Galicia recorre la provincia Camino de Santiago
91%
Estadio del Burgos CF y del Real Burgos. Ha acogido numerosos partidos en primera división, así como partidos oficiales de la Selección Española Sub 21. El Plantío
64%
Naturalista y divulgador nacido en Poza de la Sal. Su obra marcó un antes y un después en el estudio de la fauna, siendo un personaje clave en la infancia de varias generaciones. Félix Rodríguez de la Fuente
62%
Grupo de Pop/Rock originario de Burgos. Realizaron sus primeros trabajos en inglés para después pasar al castellano y convertirse en una de las bandas más importantes del panorama actual La Maravillosa Orquesta Del Alcohol
60%
Club de fútbol de la provincia que ha disputado semifinales de Copa del Rey en dos ocasiones y que recientemente ha jugado la final del Play Off de ascenso a Primera División CD Mirandés
55%
Área montañosa de gran valor ecológico que comunica Burgos con las provincias de Soria y La Rioja Sierra de La Demanda
45%
Guiso consistente de alubias, carne, garbanzos y verduras. Olla Podrida
21%
Futbolista profesional nacido en Burgos, ha jugado para Real Sociedad, Bournemouth, Zaragoza o Getafe. Diego Rico
17%
Municipio cuya antiguedad data de tiempos romanos y celtíberos, famoso por su conjunto histórico, considerado uno de los pueblos más bonitos de España. Covarrubias
13%
Caldo de invierno que mezcla cordero y cangrejo Sopa Burgalesa
13%
Abadía famosa por su claustro y sus galerías. Monasterio de Santo Domingo de Silos
11%
No se encontraron pruebas coincidentes
Distribución de puntuación
Porcentaje de gente con cada puntuación
Porcentaje por número respondido
Historial de tus puntuaciones
No has intentado esta prueba.